书目信息 |
| 题名: |
刘岘木刻选集
|
|
| 作者: | 刘岘 绘 | |
| 分册: | ||
| 出版信息: | 北京 人民美术出版社 1984 |
|
| 页数: | 98页 | |
| 开本: | 39cm | |
| 丛书名: | ||
| 单 册: | ||
| 中图分类: | J322 | |
| 科图分类: | ||
| 主题词: | 版画--中国--现代--画册 , 雕塑--中国 , 雕塑--作品--中国 | |
| 电子资源: | ||
| ISBN: | ||
| 000 | 00642nam0 2200253 45 | |
| 001 | 0184004089 | |
| 005 | 20061114155435.17 | |
| 010 | @dCNY4.90 | |
| 091 | @aCN@b8027.7387 | |
| 100 | @a19950222d1984 em y0chiy0121 ea | |
| 101 | 0 | @achi |
| 102 | @aCN@b110000 | |
| 105 | @aa z 000yy | |
| 200 | 10 | @a刘岘木刻选集@Aliu xian mu ke xuan ji@f刘岘绘 |
| 210 | @a北京@c人民美术出版社@d1984 | |
| 215 | @a98页@d39cm | |
| 606 | @a版画@y中国@z现代@x画册 | |
| 606 | 0 | @a雕塑@x中国 |
| 606 | 0 | @a雕塑@x作品@x中国 |
| 690 | @aJ322@v3 | |
| 701 | 0 | @a刘岘@Aliu xian@4绘 |
| 801 | 2 | @aCN@bNLC@c20061114 |
| 801 | 0 | @aCN@bTSSF |
| 905 | @a10447@dJ322@e2 | |
| 刘岘木刻选集/刘岘绘.-北京:人民美术出版社,1984 |
| 98页;39cm |
| ISBN :CNY4.90 |
| ● |
| 相关链接 |
|
|
|
|
正题名:刘岘木刻选集
索取号:J322/2
 
预约/预借
| 序号 | 登录号 | 条形码 | 馆藏地/架位号 | 状态 | 备注 |
| 1 | 0240565 | 001207474 | 第一样本阅览室/ [索取号:J322/2] | 在馆 |